The Crisis in health care : costs, choices, and strategies /

Bibliographic Details
Other Authors: Coddington, Dean C.
Format: Book
Language:English
Published: San Francisco : Jossey-Bass Publishers, 1990.
Edition:1st ed.
Series:Jossey-Bass health series.
Subjects:

MARC

Tag First Indicator Second Indicator Subfields
LEADER 00000cam a2200000 a 4500
001 in00000975331
005 20150927114558.0
008 900614s1990 caua b 00100 eng c
010 |a  90004935  
020 |a 155542273X (alk. paper) 
035 |a (OCoLC)21950416 
035 |9 AEW9146AM 
040 |a DNLM/DLC  |c DLC  |d TXA  |d UtOrBLW 
043 |a n-us--- 
049 |a TXAM 
050 0 0 |a RA410.53  |b .C74 1990 
060 0 |a W 84 AA1 C86 
082 0 0 |a 338.4/33621/0973  |2 20 
245 0 4 |a The Crisis in health care :  |b costs, choices, and strategies /  |c Dean C. Coddington [and others]. 
250 |a 1st ed. 
264 1 |a San Francisco :  |b Jossey-Bass Publishers,  |c 1990. 
300 |a xxii, 303 pages :  |b illustrations ;  |c 24 cm. 
336 |a text  |b txt  |2 rdacontent 
337 |a unmediated  |b n  |2 rdamedia 
338 |a volume  |b nc  |2 rdacarrier 
490 1 |a The Jossey-Bass health series 
504 |a Includes bibliographical references (pages 287-296) and index. 
650 0 |a Medical care, Cost of  |z United States. 
650 0 |a Medical policy  |z United States. 
650 2 |a Delivery of Health Care  |x economics  |z United States. 
650 2 |a Health Planning  |z United States. 
650 2 |a Health Policy  |z United States. 
700 1 |a Coddington, Dean C. 
830 0 |a Jossey-Bass health series. 
999 |a MARS 
999 f f |s 9f2d8ddf-e3af-307f-832e-7a711c60ce78  |i ba50b491-bdcf-3e41-be97-b19d491d4df8  |t 0 
952 f f |p ric  |a Texas A&M University  |b Rellis Campus  |c Joint Library Facility  |d Remote Storage  |t 0  |e RA410.53 .C74 1990  |h Library of Congress classification  |i unmediated -- volume  |m A14814745342 
998 f f |a RA410.53 .C74 1990  |t 0  |l Remote Storage